| 000 | 00421nam a22001577a 4500 | ||
|---|---|---|---|
| 999 |
_c535284 _d535284 |
||
| 003 | NUST | ||
| 020 | _qPb. | ||
| 038 | _aFizza Ishaq | ||
| 082 |
_a005.74 _bNAV |
||
| 100 |
_aNavathe, Shamkant B and Elmasri, Ramez. _929758 |
||
| 245 |
_aFundamentals of Data Base System / _cShamkant B Navathe and Ramez Elmasri |
||
| 250 | _a7th ed. | ||
| 260 |
_aNew Dehli : _bPearson, _c2016. |
||
| 300 | _a1241 p. ; | ||
| 942 |
_2ddc _cBK |
||